000 00512nam a2200193Ia 4500
005 20260429111844.0
008 260429s9999||||xx |||||||||||||| ||und||
020 _a9789386806048
041 _aEnglish
082 _a660.62
_bSIN
100 _aSingh, Rana Vikram
245 0 _aIndustrial microbiology /
_cRana Vikram Singh
250 _a1st ed.
260 _aNew Delhi :
_bIshwar Books,
_c2025.
300 _avi, 294 p.; hb
650 _a Industrial microbiology
650 _aBiotechnology
942 _cTB
999 _c51155
_d51155